000 01047cam a22003137a 4500
003 CHAP
005 20220329134718.0
008 971013s1987 r 00010 d
010 _a24614
011 _a25586
035 _a29686
040 _cCHAP
082 _a634.072
_bI54
110 _aInstituto Colombiano Agropecuario. Tibaitatá
_959089
245 0 _aICA-25 años de investigación en frutales
_b: bibliografía comentada
260 _aTibaitatá :
_bICA,
_c1987
300 _a143 p
590 _aBATCH-UPD
_b10
_c20130110
_lUCH01
_h1907
590 _aBATCH-UPD
_b10
_c20130410
_lUCH01
_h1235
590 _aBATCH-UPD
_b10
_c20130914
_lUCH01
_h1447
590 _aCONVERSION
_b10
_c20130109
_lUCH01
_h1314
650 1 4 _aFruticultura
_xBibliografía.
_943702
650 1 4 _aFruticultura
_xColombia.
_943710
650 1 4 _aFruticultura
_xInvestigación.
_943728
901 _aBK
942 _cLIBRO
949 _a634.072 I54
_bBC
_cC
_d33724000568713
_eC
_fc.2
_h81791
_i29686
_mD
_si
949 _a634.072 I54
_bBC
_cC
_d33724000568721
_eC
_h72160
_i29686
_mD
_si
999 _c24614
_d24614